| 000 | 00000nam##2200000za#4500 |
| 001 | 9.601095 |
| 003 | CaOODSP |
| 005 | 20220901164725 |
| 007 | cr ||||||||||| |
| 008 | 150406|2002||||xxc|||||o f|0| 0 fre|d |
| 040 | |aCaOODSP|bfre |
| 043 | |an-cn--- |
| 086 | 1 |aJ3-10/13F-PDF |
| 110 | 1 |aCanada.|bJustice Canada. |
| 245 | 14|aUne analyse des services en matière de droit des pauvres au Canada / |h[ressource électronique]|cSocial Planning and Research Council of B.C. |
| 260 | |aOttawa - Ontario : |bJustice Canada |cJuillet 2002. |
| 300 | |a175p.|btableaux |
| 490 | 1 |aSérie de recherches sur l'aide juridique|vrr03lars-13f |
| 590 | |a11-09-Supp|b2011-06-30 |
| 775 | 08|tAn analysis of poverty law services in Canada / |w(CaOODSP)9.570349 |
| 830 | #0|aSérie de recherches sur l'aide juridique ;|vrr03lars-13f|w(CaOODSP)9.502071 |
| 856 | 40|ahttp://publications.gc.ca|qPDF|s1.34 Mo|uhttps://publications.gc.ca/collections/collection_2011/jus/J3-10-13-fra.pdf|yrr03lars-13f |